Normal view
MARC view
Entry Nombre corporativo
001 - NÚMERO DE CONTROL
- campo de control: 88050
003 - IDENTIFICADOR DEL NÚMERO DE CONTROL
- campo de control: DO-SdBNP
005 - FECHA Y HORA DE LA ÚLTIMA TRANSACCIÓN
- campo de control: 20250611092728.0
008 - DATOS DE LONGITUD FIJA
- campo de control de longitud fija: 250611|| aca||aabn | a|a d
040 ## - FUENTE DE LA CATALOGACIÓN
- Centro catalogador/agencia de origen: DO-SdBNP
- Centro/agencia transcriptor: DO-SdBNP
110 ## - ENCABEZAMIENTO-NOMBRE DE ENTIDAD CORPORATIVA
- Nombre de entidad corporativa o nombre de jurisdicción como elemento de entrada: Universidad Nacional Pedro Henríquez Ureña (UNPHU)
670 ## - FUENTE DE DATOS ENCONTRADOS
- Cita de la fuente: Work cat.: (DO-SdBNP)59217: Congreso Internacional de la Asociación de Lingüística y Filología de América Latina (7mo : 17-21 de septiembre de 1984 : Santo Domingo, República Dominicana) 37891, VII Congreso Internacional de la Asociación de Lingüística y Filología de América Latina (ALFAL) :
